Statistics for NFL teams that won back-to-back Super Bowls

Click here to take the quiz!

General Stats

  • This quiz has been taken 35 times
  • The average score is 9 of 9

Answer Stats

HintAnswer% Correct
1966-1967Green Bay Packers
100%
2023-2024Kansas City Chiefs
100%
2003-2004New England Patriots
97%
1978-1979Pittsburgh Steelers
97%
1974-1975Pittsburgh Steelers
97%
1992-1993Dallas Cowboys
94%
1972-1973Miami Dolphins
94%
1988-1989San Francisco 49ers
94%
1997-1998Denver Broncos
87%

Score Distribution

Percentile by Number Answered

Percent of People with Each Score

Your Score History

You have not taken this quiz